Normal view
MARC view
Entry Geographic Name
001 - CONTROL NUMBER
- control field: 299513
003 - CONTROL NUMBER IDENTIFIER
- control field:
005 - DATE AND TIME OF LATEST TRANSACTION
- control field: 20210602101251.0
008 - FIXED-LENGTH DATA ELEMENTS
- fixed length control field: 210602|| aca||aabn | a|a d
040 ## - CATALOGING SOURCE
- Original cataloging agency:
- Transcribing agency:
151 ## - HEADING--GEOGRAPHIC NAME
- Geographic name: English-speaking countries
- General subdivision: Intellectual life
670 ## - SOURCE DATA FOUND
- Source citation: Work cat.: (): Bock, Martin, 1951- 299508, Crossing the shadow-line :, c1989
